00361nam a2200121Ia 4500008004100000020001500041100002400056245004400080260001400124500002400138650002800162700004900190230524s9999 xx 000 0 und d a8176060704 aBjornsen Pirandello 0aSelected Stories by Nobel Prize Winners bProjapoti aQuantity Number: 1 aPersonality Development a Lagerlof Maeterlinck and Deledda Hauptmann